[Event "Mlada Boleslav Region-ch"]
[Site "Mlada Boleslav"]
[Date "2015.06.21"]
[Round "7"]
[White "Vopenka, Tomas"]
[Black "Korinek, Jachym"]
[Result "1-0"]
[WhiteElo "1096"]
[BlackElo "1250"]
[PlyCount "44"]
[EventDate "2015.06.20"]
[EventType "swiss"]
[EventRounds "7"]
[EventCountry "CZE"]
[SourceTitle "EXT 2017"]
[Source "ChessBase"]
[SourceDate "2016.10.25"]
[SourceVersion "1"]
[SourceVersionDate "2016.10.25"]
[SourceQuality "1"]

1. e4 e5 2. Bc4 Nf6 3. Nc3 c6 4. Nf3 d5 5. exd5 cxd5 6. Bb3 Nc6 7. 0-0 Bc5 8. d3 Bg4 9. h3 Bh5 10. Bg5 Nd4 11. Bxd5 Nxf3+ 12. Bxf3 Bxf3 13. Qxf3 Be7 14. Rfe1 h6 15. Bxf6 Bxf6 16. d4 0-0 17. dxe5 Be7 18. Nb5 f6 19. e6 Qb6 20. Nc3 Rad8 21. Nd5 Qc5 22. Rad1 Rd6 1-0

[Event "Mlada Boleslav Region-ch"]
[Site "Mlada Boleslav"]
[Date "2015.06.20"]
[Round "4"]
[White "Vopenka, Tomas"]
[Black "Nemecek, Lukas"]
[Result "0-1"]
[WhiteElo "1096"]
[BlackElo "1504"]
[PlyCount "106"]
[EventDate "2015.06.20"]
[EventType "swiss"]
[EventRounds "7"]
[EventCountry "CZE"]
[SourceTitle "EXT 2017"]
[Source "ChessBase"]
[SourceDate "2016.10.25"]
[SourceVersion "1"]
[SourceVersionDate "2016.10.25"]
[SourceQuality "1"]

1. e4 d5 2. exd5 Nf6 3. Nc3 Nxd5 4. Bc4 c6 5. Nf3 Bg4 6. 0-0 e6 7. h3 Bh5 8. d3 Bd6 9. Ne4 0-0 10. d4 Qc7 11. Qd3 Bg6 12. c3 Nd7 13. Bb3 Rad8 14. Bc2 c5 15. h4 cxd4 16. h5 Bxe4 17. Qxe4 N7f6 18. Qd3 dxc3 19. g3 Nb4 20. Qe2 cxb2 21. Bxb2 Qxc2 22. Qxc2 Nxc2 23. Rac1 Nb4 24. h6 Nd3 25. hxg7 Kxg7 26. Bxf6+ Kxf6 27. Rb1 b6 28. g4 h6 29. Nd2 Rg8 30. Ne4+ Ke7 31. g5 hxg5 32. Rfd1 Nc5 33. Rb4 Nxe4 34. Rxe4 Bh2+ 35. Kxh2 Rxd1 36. f3 f5 37. Re2 Rh8+ 38. Kg3 Rg1+ 39. Rg2 Rxg2+ 40. Kxg2 g4 41. f4 Rh3 42. Kf2 Rh2+ 43. Kg1 Rxa2 44. Kf1 Kd6 45. Ke1 Kd5 46. Kf1 Ke4 47. Ke1 Ke3 48. Kd1 Kd3 49. Ke1 Rb2 50. Kf1 Ke3 51. Kg1 Kf3 52. Kh1 Kg3 53. Kg1 Rb1# 0-1